00431nam a2200145Ia 4500003000400000005001700004008004100021020002200062041000800084082002200092100003600114245007400150260005200224300000900276OSt20240829142237.0230519s9999 xx 000 0 und d a978-81-947276-3-7 aeng aPY/150/MAH/DB0966 aMaheshwari S K & Kaur Amanpreet aTextbook of Applied Psychology for Nursing and Allied Health Sciences bVision Health Sciences PublishersaPunjabc2021 a296p